000 01053nam a2200229Ia 4500
999 _c53961
_d53961
001 21012
003 GE_BSU
005 20210706163503.0
008 181216s1989||||ge |||||||||||||| ||geo||
040 _cGE_BSU
041 _ageo
080 _a141.45+2-1 ა-37
245 _aათეიზმის ფილოსოფიური პრობლემები :
_bსტატიების კრებული /
_cრედ. დ. გეგეშიძე ; მხატვ. მ. თავაძე.
264 _aთბილისი :
_bმეცნიერება,
_c1989.
300 _a144 გვ. ;
_c21 სმ.
541 _h3ლ.
653 _aათეიზმი
700 _aგეგეშიძე, დ.
_eრედაქტორი
_912201
700 _aთავაძე, მ.
_eმხატვარი
_912202
710 _aსაქართველოს სსრ მეცნიერებათა აკადემია
_bფილოსოფიის ინსტიტუტი
_912203
942 _cBK
_2udc